Die Oktoberrevolution in Estland: von der Roten Räterepublik zum bürgelichen Freistaat Estland
| Titel: | Die Oktoberrevolution in Estland: von der Roten Räterepublik zum bürgelichen Freistaat Estland / Lutz Dettmann |
|---|---|
| Verfasser: | |
| In: |
Baltische Briefe, Band 70, Heft 10 (828) (2017), Seite 8-11 alle Artikel anzeigen |
| Veröffentlicht: | 2017 |
| Umfang: | Illustrationen |
| Format: | Aufsatz |
| Sprache: | Deutsch |
X
alg: 42530811 001A $03025:30-01-18 001B $01999:30-01-18 $t23:09:00.000 001C $03025:30-01-18 $t14:25:02.000 001D $03025:30-01-18 001U $0utf8 001X $00 002@ $0Aou 002C $aText $btxt $2rdacontent 002D $aohne Hilfsmittel zu benutzen $bn $2rdamedia 002E $aBand $bnc $2rdacarrier 003@ $0425308111 007A $0425308111 $aHEB 010@ $ager 010E $erda 011@ $a2017 021A $aDie @Oktoberrevolution in Estland: von der Roten Räterepublik zum bürgelichen Freistaat Estland $hLutz Dettmann 028A $BVerfasser $4aut $7128794615 $8Dettmann, Lutz$Z1961- [Tp3] $9159239095 031A $d70 $e10 (828) $h8-11 $j2017 034M $aIllustrationen 039B $aEnthalten in $8--Abvc--. Baltische Briefe. - Großhansdorf : Verl. Balt. Briefe, 1948-. - ISSN 0005-4526 $x201700000700010992 $9047806486 044K $RRussische SFSR $#Russland $#Russland $#Россия $#Rußland $#Krievija $#Federazione Russa $#RF $#Großrussland $#Großrußland $#Russia -1917; 1992- $#Rossijskaja Imperija $#Russie $#Empire de Russie $#Russian Federation $#Federacja Rosyjska $#Rosja $#Rossija $#Rossijskaja Federacija $#Russische Föderation $#RF Rossija $#Russia $#Russland -1917 ; 1992- $#Russisches Reich $#РФ $#Российская Федерация $#Российская Империя $74076899-5 $8Russland [Tgz] $9085217913 044K $RĖstljandskaja Gubernija $RĖstonskaja SSR $#Estland $#Estland $#Estnische SSR $#Eesti $#Estonskaja SSR $#EV $#Estonia 1918 - 1940, 1991 - $#Republik Estland $#Eesti Vabariik $#Republic of Estonia $#Ėstonskaja Respublika $#Estnische Republik $#Estonia 1918-1940 ; ab 1991 $#Estonia $#Estonie $74015587-0 $8Estland [Tg1] $9085035777 044K $RRevolution $#Soviet Union History Revolution, 1917-1921 $#Russie 1917 (Révolution) $#Oktoberrevolution $#Russische Revolution 1917, Oktober $#Revolution Russland 1917, Oktober $#Sowjetische Revolution 1917 $74043429-1 $8Oktoberrevolution [Ts1] $9085121371 044K $RPolitischer Konflikt $RKrieg $#War $#Guerre $#militärischer Konflikt $#Militärischer Konflikt $#Bewaffnete Konflikte $74137568-3 $8Bewaffneter Konflikt [Ts1] $9085516201 044K $#Baltendeutsche $#Deutsche Baltikum $74011593-8 $8Deutschbalten [Ts1] $9085023647 044K $#Sovereignty $#Souveraineté $#Souveränität $#Souveränität $#Nationale Souveränität $#Staatssouveränität $#Staat Souveränität $#Staatliche Souveränität $74132367-1 $8Souveränität [Ts1] $9085475963 044K $RGedächtnis $RGeschichtspolitik $#Collective memory $#Mémoire collective $#Memoria collettiva $#Memoria colectiva $#kollektives Gedächtnis $#kollektives Wissen $#Kollektive Erinnerung $#Kulturelles Gedächtnis $#Erinnerungskultur $#Gedächtniskultur $#Memorialkultur $#Gedenkkultur $74200793-8 $8Kollektives Gedächtnis [Ts1] $9086014900 045R $aGeschichte 1917-1920 045T $a7,44 lok: 42530811 78 exp: 42530811 78 1 #EPN 201B/01 $030-01-18 $t14:20:45.000 201C/01 $030-01-18 201U/01 $0utf8 203@/01 $01016949189 208@/01 $a30-01-18 $be 209A/01 $a/ $f000 $x00 209A/01 $ab*p $x01 220C/01 $akoe 247C/01 $82080>Marburg/Lahn, Herder-Institut, Forschungsbibliothek, Bibliographieportal $9336309341
| LEADER | 00000caa a2200000 c 4500 | ||
|---|---|---|---|
| 001 | 425308111 | ||
| 003 | DE-603 | ||
| 005 | 20180130230900.0 | ||
| 007 | tu | ||
| 008 | 180130s2017 xx |||| | u00||u|ger c | ||
| 035 | |a (DE-599)HEB425308111 | ||
| 040 | |a DE-603 |b ger |c DE-603 |d DE-603 |e rda | ||
| 041 | |a ger | ||
| 084 | |a 7,44 |2 ssgn | ||
| 100 | 1 | |a Dettmann, Lutz |d 1961- |e Verfasser |4 aut |0 (DE-603)159239095 |0 (DE-588)128794615 |2 gnd | |
| 245 | 0 | 0 | |a Die Oktoberrevolution in Estland: von der Roten Räterepublik zum bürgelichen Freistaat Estland |c Lutz Dettmann |
| 264 | 0 | |c 2017 | |
| 300 | |b Illustrationen | ||
| 336 | |a Text |b txt |2 rdacontent | ||
| 337 | |a ohne Hilfsmittel zu benutzen |b n |2 rdamedia | ||
| 338 | |a Band |b nc |2 rdacarrier | ||
| 648 | 7 | |a Geschichte 1917-1920 |2 gnd | |
| 650 | 7 | |a Oktoberrevolution |0 (DE-588)4043429-1 |0 (DE-603)085121371 |2 gnd | |
| 650 | 7 | |a Bewaffneter Konflikt |0 (DE-588)4137568-3 |0 (DE-603)085516201 |2 gnd | |
| 650 | 7 | |a Deutschbalten |0 (DE-588)4011593-8 |0 (DE-603)085023647 |2 gnd | |
| 650 | 7 | |a Souveränität |0 (DE-588)4132367-1 |0 (DE-603)085475963 |2 gnd | |
| 650 | 7 | |a Kollektives Gedächtnis |0 (DE-588)4200793-8 |0 (DE-603)086014900 |2 gnd | |
| 651 | 7 | |a Russland |0 (DE-588)4076899-5 |0 (DE-603)085217913 |2 gnd | |
| 651 | 7 | |a Estland |0 (DE-588)4015587-0 |0 (DE-603)085035777 |2 gnd | |
| 773 | 0 | 8 | |i Enthalten in |t Baltische Briefe |d Großhansdorf : Verl. Balt. Briefe, 1948- |x 0005-4526 |g Band 70, Heft 10 (828) (2017), Seite 8-11 |w (DE-603)047806486 |w (DE-600)536488-7 |
| 924 | 0 | |9 2080 |a (DE-603)1016949189 |b DE-2080 |c HES |d d |g / | |


